| 000 | 00372nam a2200145Ia 4500 | ||
|---|---|---|---|
| 008 | 260223s2024 xx 000 0 und d | ||
| 020 | _a978-0023685204 | ||
| 041 | _aeng | ||
| 082 | _a610.7307/GUP | ||
| 100 | _aGupta.R.K. | ||
| 245 | _aPofessional Trends (New Syllabus GNM) | ||
| 260 |
_aB.S.B. Pune _bPV, Pub _c2024 |
||
| 300 | _a110P | ||
| 650 | _aPofessional Trends | ||
| 999 |
_c1216455 _d1216455 |
||